000 00600nam a2200241Ia 4500
003 OSt
005 20221005130937.0
006 a|||||r|||| 00| 0
007 ta
008 221004b |||||||| |||| 00| 0 mal d
024 _a58861
037 _cTextual
040 _aCRL
_cCRL
_bmal
041 _2mal
_amal
082 _aV1:7, 32K5
100 _aMenon Sankara
_9632169
245 0 _aSataldaugalkka ppurathuninnulla saldangat
260 _c1965
300 _a214p.
_ccm.
650 _aHISTORY
942 _hV1:7, 32K5
_cTEXL
_2cc
999 _c1058873
_d1058873